000 01185nam a22003377a 4500
003 CHAP
005 20220329141247.0
008 971010s1990 r 00010 d
010 _a65309
011 _a66281
035 _a74301
040 _cCHAP
090 _aTesis
100 0 0 _aSalazar Juárez, Omar.
_9101389
245 1 0 _aÉpoca probable de siembra del arroz (Oriza sativa) de temporal definido con un índice agroclimático en Balancán, Tabasco
260 _aChapingo, Méx. :
_bEl autor,
_c1990
300 _a107 h.
_b; gráfs.
502 _aTesis (Ing. Agr. Esp. en Irrigación) -- UACH. Departamento de Irrigación
590 _aALEPH
_b10
_c20130110
_lUCH01
_h1355
590 _aBATCH-UPD
_b10
_c20130109
_lUCH01
_h2311
590 _aBATCH-UPD
_b10
_c20130110
_lUCH01
_h1034
590 _aBATCH-UPD
_b10
_c20130410
_lUCH01
_h0636
590 _aBATCH-UPD
_b10
_c20130913
_lUCH01
_h2150
590 _aCONVERSION
_b10
_c20130109
_lUCH01
_h1336
650 1 4 _aAgricultura de temporal.
_91999
650 1 4 _aArroz
_xFechas de siembra.
_97608
650 1 4 _aArroz
_xTabasco.
_97661
901 _aBK
942 _cTESIS
949 _aTesis
_bBC
_cTES
_d33724002324777
_eTS1
_h22966
_i74301
_si
999 _c65309
_d65309